000 00426nam a22001817a 4500
005 20200518114030.0
008 200518b xxu||||| |||| 00| 0 eng d
020 _a9798186270232
041 _aeng
082 _a615 AHU
100 _aAHUJA Dr. ALKA
_95496
245 _aPharmaceutical Management
250 _a3'rd
260 _aDelhi
_bBirla publication
_c2020
300 _a236
650 _aPharmacy
_95497
942 _cBK
999 _c6265
_d6263